000 00840cam a2200289 4500
001 J2626
008 090401t1994 xxu||||| |||| 00| 0 eng d
035 _a(Sirsi) u50123
041 _aeng
050 _a333.3350212
100 _aPym, Andrew
245 _aLand statistics 1993.
260 _aLondon
_bCountry Landowners Association
_c1994
300 _a16p. ; 21cm.
350 _a5
490 _aCLA Publication
_vL5/94
520 _aStatistical tables with information on land values, capital and rental, as well as indexation for CGT, the RPI and agricultural employment.
650 _aCAPITAL VALUES
650 _aFARM LAND
650 _aLAND PRICES
650 _aRENT
650 _aRENTAL VALUES
690 _aRURAL PRACTICE
710 _aCountry Landowners' Association
_92816
942 _n0
948 _c04/03/1997
999 _c92666
_d92666